<?xml version="1.0" encoding="UTF-8"?>
<marc:record xmlns:marc="http://www.loc.gov/MARC21/slim">
   <marc:leader>00000nam a2200000 a 4500</marc:leader>
   <marc:datafield ind1="1" ind2=" " tag="100">
      <marc:subfield code="a">Schwab, Ulrike</marc:subfield>
      <marc:subfield code="4">ctb</marc:subfield>
      <marc:subfield code="e">Mitwirkende/-r</marc:subfield>
   </marc:datafield>
   <marc:datafield ind1="1" ind2=" " tag="100">
      <marc:subfield code="a">Schneider, Jutta</marc:subfield>
      <marc:subfield code="4">ctb</marc:subfield>
      <marc:subfield code="e">Mitwirkende/-r</marc:subfield>
   </marc:datafield>
   <marc:datafield ind1="1" ind2=" " tag="100">
      <marc:subfield code="a">Will, Michael</marc:subfield>
      <marc:subfield code="4">ctb</marc:subfield>
      <marc:subfield code="e">Mitwirkende/-r</marc:subfield>
   </marc:datafield>
   <marc:datafield ind1=" " ind2=" " tag="653">
      <marc:subfield code="a">Bauerngarten</marc:subfield>
   </marc:datafield>
   <marc:datafield ind1=" " ind2=" " tag="653">
      <marc:subfield code="a">Softcover / Ratgeber/Natur/Garten</marc:subfield>
   </marc:datafield>
   <marc:datafield ind1=" " ind2=" " tag="653">
      <marc:subfield code="a">Ratgeber</marc:subfield>
   </marc:datafield>
   <marc:datafield ind1="0" ind2="0" tag="245">
      <marc:subfield code="a">Der Traum vom Bauerngarten</marc:subfield>
   </marc:datafield>
   <marc:datafield ind1="0" ind2="0" tag="245">
      <marc:subfield code="b">natürlich gärtnern mit Blumen, Kräutern und Gemüse</marc:subfield>
   </marc:datafield>
   <marc:datafield ind1="0" ind2="0" tag="245">
      <marc:subfield code="c">Ulrike Schwab/Jutta Schneider/Michael Will</marc:subfield>
   </marc:datafield>
   <marc:datafield ind1=" " ind2="1" tag="264">
      <marc:subfield code="a">Ostfildern</marc:subfield>
      <marc:subfield code="b">Thorbecke</marc:subfield>
      <marc:subfield code="c">2013</marc:subfield>
   </marc:datafield>
   <marc:datafield ind1="1" ind2=" " tag="520">
      <marc:subfield code="a">Angaben aus der Verlagsmeldung

Der Traum vom Bauerngarten : Natürlich gärtnern mit Blumen / von Ulrike Schwab, Jutta Schneider, Will Will Michael

Bauerngärten sind vielfältig und schön; hier wachsen Blumen, Kräuter, Obst und Gemüse in geordnetem Durcheinander und erfreuen Auge und Gaumen ihrer Besitzer. Doch die Pflanzen helfen und unterstützen sich auch gegenseitig in ihrem Wachstum, vertreiben Schädlinge und bieten nützlichen Tieren Unterschlupf. Deshalb ist die Pflege eines Bauerngartens immer auch naturgemäßes Gärtnern. Doch was gehört in einen Bauerngarten und wie wird er gepflegt? In Kapiteln wie »Gemüse und Kräuter« oder »Rosen und Stauden« erfahren Sie viel über die Pflanzen und ihre Standortansprüche, das Kapitel Gestaltungselemente zeigt Ihnen, welche Beeteinfassungen gut passen oder wie die Pflanzen anzuordnen sind. Fruchtwechsel und Mischkultur werden genauso behandelt wie das »Gold des Gärtners« – der Kompost. Doch natürlich können Sie vor allem eines: schwelgen in wunderschönen Bildern, eben ein »Traum vom Bauerngarten«!
</marc:subfield>
   </marc:datafield>
   <marc:datafield ind1=" " ind2=" " tag="020">
      <marc:subfield code="a">9783799507967</marc:subfield>
      <marc:subfield code="9">9783799507967</marc:subfield>
   </marc:datafield>
   <marc:datafield ind1=" " ind2=" " tag="020">
      <marc:subfield code="a">3799507965</marc:subfield>
      <marc:subfield code="9">3799507965</marc:subfield>
   </marc:datafield>
   <marc:datafield ind1=" " ind2=" " tag="041">
      <marc:subfield code="a">ger</marc:subfield>
   </marc:datafield>
   <marc:datafield ind1=" " ind2=" " tag="300">
      <marc:subfield code="a">160 S.</marc:subfield>
   </marc:datafield>
</marc:record>
